| 000 | 00648nam a2200229Ia 4500 | ||
|---|---|---|---|
| 003 | OSt | ||
| 005 | 20220923230412.0 | ||
| 006 | a|||||r|||| 00| 0 | ||
| 007 | ta | ||
| 008 | Pun | ||
| 024 | _a281,506 | ||
| 037 | _cTextual | ||
| 040 |
_aARTS _cARTS _bPun |
||
| 041 |
_2Pun _aPun |
||
| 082 | _aO153,3M95,MD, L6 | ||
| 100 | _aਸਿੰਘ, ਗੁਰਬਖF | ||
| 245 | 0 | _aਮਾਂ ਦੇ ਲਾਲ | |
| 260 |
_aਚੰਡੀਗੜ _b ਜੀ ਬੀ ਪਬਲਿFਰਗ਼ _c1976 |
||
| 650 | _aਪੰਜਾਬੀ ਸਾਹਿਤ | ||
| 942 |
_hO153,3M95,MD, L6 _cTEXL _2CC |
||
| 999 |
_c384598 _d384598 |
||